Vykopej si mamuta : sestav si kostru! /

Main Author: Hibbert, Clare, 1970-
Other Authors: Connell, Tom, Kordíková, Jana, 1976-
Language: Czech
Published: Praha : Mladá fronta, 2016
Edition: První vydání
Subjects:
Physical Description: 10 nečíslovaných stran : barevné ilustrace ; 30 cm
Book
Saved in:
LEADER 02125nam a2200589 i 4500
001 nkc20162850942
003 CZ PrNK
005 20170106082948.0
007 ta
008 161107s2016 xr a b f 000 0 cze
015 |a cnb002850942 
020 |a 978-80-204-4078-5  |q (vázáno) 
035 |a (OCoLC)970630271 
035 |a (OCoLC)972606965 
040 |a BOA001  |b cze  |d ABA001  |e rda 
041 1 |a cze  |h eng 
072 7 |a 56  |x Paleontologie  |2 Konspekt  |9 7 
072 7 |a 0/9-053.2  |x Literatura pro děti a mládež (naučná)  |2 Konspekt  |9 26 
080 |a 569.61  |2 MRF 
080 |a 591.471.3.071.22  |2 MRF 
080 |a (086.48)  |2 MRF 
080 |a (0.029)  |2 MRF 
080 |a (0.053.2)  |2 MRF 
100 1 |a Hibbert, Clare,  |d 1970-  |7 ola2015881170  |4 aut 
245 1 0 |a Vykopej si mamuta :  |b sestav si kostru! /  |c autor: Clare Hibbert ; ilustrátor: Tom Connell ; přeložila: Jana Kordíková 
250 |a První vydání 
264 1 |a Praha :  |b Mladá fronta,  |c 2016 
300 |a 10 nečíslovaných stran :  |b barevné ilustrace ;  |c 30 cm 
336 |a text  |b txt  |2 rdacontent 
336 |a statický obraz  |b sti  |2 rdacontent 
337 |a bez média  |b n  |2 rdamedia 
338 |a svazek  |b nc  |2 rdacarrier 
500 |a Přeloženo z angličtiny? 
500 |a Kartonové listy s vylamovánkami k sestavení modelu mamuta 
521 8 |a Pro děti od 3 let 
650 0 7 |a mamuti  |7 ph376360  |2 czenas 
650 0 7 |a kosterní pozůstatky živočichů  |7 ph239919  |2 czenas 
650 0 9 |a mammoths  |2 eczenas 
650 0 9 |a animal remains (archaeology)  |2 eczenas 
655 7 |a papírové modely  |7 fd132991  |2 czenas 
655 7 |a skládanky  |7 fd133438  |2 czenas 
655 7 |a publikace pro děti  |7 fd133156  |2 czenas 
655 9 |a paper models  |2 eczenas 
655 9 |a puzzles  |2 eczenas 
655 9 |a children's literature  |2 eczenas 
700 1 |a Connell, Tom  |7 kv2012737287  |4 ill 
700 1 |a Kordíková, Jana,  |d 1976-  |7 mzk2006377736  |4 trl 
910 2 |a BOA001  |b 4-1377.931 
990 |a BK 
995 |a 01 
991 |b 201612  |c NOV 
996 6 |b 2610690499  |c 4-1377.931  |l MZK  |r Sklad / do 1 hodiny  |n 0  |p p.v.  |w 001591972  |u 000010  |a 1  |e BOA001  |j MZK50  |s P